000
00240nam a2200109Ia 4500
008
230724s1999 xx und d
041
_a
eng
100
_a
NARAYAN R.K.
245
_a
THE BACHELOR OF ARTS.
260
_c
1999
300
_a
166
999
_c
1172972
_d
1172972